XXVII semana de la matemática

Guardat en:
Dades bibliogràfiques
Autor corporatiu: Universidad Católica de Valparaíso (Autor)
Format: Llibre
Idioma:espanyol
Publicat: Valparaíso Universidad Católica de Valparaíso 2000
Matèries:
Etiquetes: Afegir etiqueta
Sense etiquetes, Sigues el primer a etiquetar aquest registre!

MARC

LEADER 00000nam a2200000 a 4500
001 UCN3416
003 CL-VaPUC
005 20230331074316.0
008 010629e20000000cl 1 spa d
082 0 4 |a 510  |b UNI  |2 21 
110 2 |a Universidad Católica de Valparaíso  |e author  |9 619920 
245 1 0 |a XXVII semana de la matemática 
260 |a Valparaíso  |b Universidad Católica de Valparaíso  |c 2000 
300 |a pág. irreg 
583 |a last modification  |c 20010629 00:00:00  |k Rodrigo Vera 
650 0 0 |a Grupos finitos  |9 270201 
650 0 0 |a Geometría   |9 264063 
650 0 0 |a Ecuaciones  |9 260137 
650 0 0 |a Cadenas de Markov  |9 350699 
942 |c BK 
945 |a rbrito  |d 20010629 00:00:00 
546 |a En Español 
536 |a Instituto de Matemáticas, UCV 
518 |p Semana de la Matemática, 27, Valparaíso, 4-5-6 octubre 2000 
999 |c 383666  |d 383664 
952 |0 0  |1 0  |4 0  |6 510_000000000000000_UNI_2000  |7 0  |8 P  |9 505872  |a BIBMAT  |b BIBMAT  |d 2020-01-23  |i 3663345  |o 510 UNI 2000  |p 3663345  |r 2025-01-07  |w 2020-01-23  |y BK  |k MAT